00507nam a2200181 a 450000100060000000300090000600800410001502000150005604000280007108200200009910000220011924500380014126000420017930000110022149000470023265000230027965000230030219230CO-ViMGA141112s2004 ck r 000 u spa d a8476727968 aCO-ViMGAbspacCO-ViMGA04a398.20960 C171m1 aCardona, Francesc10aMitologías y Leyendas Africanas aBarcelona : bEdicomunicación; 1998 a285 p. aColección Olimpo, mitología e historia14aLEYENDAS AFRICANAS14aMITOLOGIA AFRICANA